| 000 | 00628nam a2200253Ia 4500 | ||
|---|---|---|---|
| 003 | OSt | ||
| 005 | 20221005075334.0 | ||
| 006 | a|||||r|||| 00| 0 | ||
| 007 | ta | ||
| 008 | 221004b |||||||| |||| 00| 0 eng d | ||
| 020 | _a8121507898 | ||
| 024 | _a26298 | ||
| 037 | _cTextual | ||
| 040 |
_aCRL _cCRL _beng |
||
| 041 |
_2eng _aeng |
||
| 082 | _a/\2y7M72, N8 | ||
| 100 | _aPandit M P | ||
| 245 | 0 | _aSri Aurobindo | |
| 260 |
_aNew Delhi _bMunshiram Manoharlal _c1998 |
||
| 300 |
_a118p. _ccm. |
||
| 650 | _aSPIRITUALISM | ||
| 942 |
_h/\2y7M72, N8 _cTEXL _2cc |
||
| 999 |
_c984388 _d984388 |
||